Athènes en images - Statistiques

Statistiques générales
  • Ce quiz a été pris 77 fois
  • Le résultat moyen est 10 sur 15
Statistiques - réponses
Par images Hint Réponse % Correct
Pays Grèce
97%
Événement mondial (1ère édition à Athènes) Jeux olympiques
95%
Système politique Démocratie
88%
Temple Parthénon
88%
Déesse protectrice de la cité Athéna
84%
Plat grec Moussaka
79%
Philosophe Socrate
79%
Citadelle Acropole
73%
Ancienne place publique Agora d'Athènes
60%
Port Le Pirée
56%
Club omnisports Olympiakos
52%
Joueur de tennis Stéfanos Tsitsipás
48%
Stratège grec Périclès
40%
Club omnisports Panathinaïkós
34%
Théâtre Théâtre de Dionysos
10%
Aucun quiz correspondant
Distribution des résultats
% des personnes avec chaque résultat
Percentile par nombre de réponses
Votre historique - résultats
Vous n’avez pas pris ce quiz